| 000 | 00729 a2200205 4500 | ||
|---|---|---|---|
| 999 |
_c10091 _d10091 |
||
| 020 | _a9780073528199 | ||
| 020 | _a0073528196 | ||
| 050 | 0 | 0 | _aHM585 HUG 2011 |
| 100 | 1 |
_aHughes, Michael _eauthor |
|
| 245 | 1 | 0 |
_aSociology : _bthe core / _cMichael Hughes, Carolyn J. Kroehler. |
| 250 | _a10th ed. | ||
| 264 |
_aNew York : _bMcGraw-Hill, _c2011. |
||
| 300 |
_axxvi, 545 p. : _bill. ; |
||
| 500 | _aSociology | ||
| 504 | _aIncludes bibliographical references (p. 459-504) and indexes. | ||
| 650 | 0 | _aSociology. | |
| 700 | 1 |
_aKroehler, Carolyn J. _eauthor |
|
| 942 |
_2lcc _cBK _e10th ed. _h585 _iHUG _kHM |
||